[Event "Medellin de La Raza U2000 op"]
[Site "Medellin"]
[Date "2023.10.14"]
[Round "5"]
[White "Briceno Suarez, Elisabet"]
[Black "Ramirez, Francisco Javier"]
[Result "0-1"]
[WhiteElo "1135"]
[BlackElo "1815"]
[PlyCount "52"]
[EventDate "2023.10.12"]
[EventType "swiss"]
[EventRounds "9"]
[EventCountry "COL"]
[SourceTitle "Mega2024 Update 01"]
[Source "Chessbase"]
[SourceDate "2023.11.12"]
[SourceVersion "1"]
[SourceVersionDate "2023.11.12"]
[SourceQuality "1"]

1. e4 e6 2. d4 d5 3. e5 c5 4. c3 Nc6 5. Nf3 Qb6 6. b3 cxd4 7. cxd4 Bb4+ 8. Nbd2 Nxd4 9. Be2 Bd7 10. Bb2 Nxf3+ 11. Bxf3 Bb5 12. Be2 Rc8 13. Rc1 Rxc1 14. Bxc1 Qa6 15. Qc2 Ne7 16. Bxb5+ Qxb5 17. Qc7 0-0 18. a3 Rc8 19. Qxc8+ Nxc8 20. axb4 Ne7 21. g3 Nc6 22. f4 Nd4 23. Kf2 Qe2+ 24. Kg1 Nf3+ 25. Nxf3 Qxf3 26. b5 d4 0-1

[Event "Bogota Excalibur op"]
[Site "Bogota"]
[Date "2022.03.19"]
[Round "3"]
[White "Ramirez, Francisco Javier"]
[Black "Munoz Ospina, Paula Johanna"]
[Result "1-0"]
[WhiteElo "1824"]
[BlackElo "1561"]
[PlyCount "65"]
[EventDate "2022.03.18"]
[EventType "swiss"]
[EventRounds "7"]
[EventCountry "COL"]
[SourceTitle "CBM 207 Extra"]
[Source "ChessBase"]
[SourceDate "2022.05.31"]
[SourceVersion "1"]
[SourceVersionDate "2022.05.31"]
[SourceQuality "1"]

1. e4 c6 2. d4 d5 3. e5 Bf5 4. Ne2 e6 5. Ng3 Bg6 6. h4 h6 7. h5 Bh7 8. Bd3 Bxd3 9. Qxd3 Qb6 10. 0-0 c5 11. c3 Nc6 12. Ne2 Rc8 13. a3 cxd4 14. cxd4 Nge7 15. b4 Nf5 16. Bb2 Be7 17. Nd2 0-0 18. g4 Nh4 19. f4 f6 20. Kh2 fxe5 21. fxe5 Nxe5 22. dxe5 Rf2+ 23. Kg3 Rg2+ 24. Kh3 Bg5 25. Bd4 Qd8 26. Nf3 Rxe2 27. Qxe2 Rc4 28. Rad1 Be7 29. Nxh4 Bxh4 30. Bf2 Rc3+ 31. Rd3 Bxf2 32. Rxc3 Qh4+ 33. Kg2 1-0

[Event "Manizales Las Americas op-B"]
[Site "Manizales"]
[Date "2021.10.17"]
[Round "6"]
[White "Jaramillo, Carlos Orlando"]
[Black "Ramirez, Francisco Javier"]
[Result "1/2-1/2"]
[WhiteElo "1888"]
[BlackElo "1835"]
[PlyCount "79"]
[EventDate "2021.10.14"]
[EventType "swiss"]
[EventRounds "9"]
[EventCountry "COL"]
[SourceTitle "EXT 2023"]
[Source "ChessBase"]
[SourceDate "2022.10.05"]
[SourceVersion "1"]
[SourceVersionDate "2022.10.05"]
[SourceQuality "1"]

1. b4 d5 2. e3 e5 3. Nf3 Bd6 4. Bb2 Bg4 5. h3 Bxf3 6. Qxf3 c6 7. Qg3 Qf6 8. Be2 Nd7 9. a3 Ne7 10. 0-0 Nf5 11. Qh2 Qg6 12. Bg4 e4 13. Qh1 Ne5 14. Bxf5 Qxf5 15. Nc3 h5 16. Ne2 h4 17. Bxe5 Bxe5 18. Nd4 Qg6 19. f4 exf3 20. Rxf3 Bxd4 21. exd4 0-0 22. Qh2 Qxc2 23. Qf4 Qe4 24. Qxe4 dxe4 25. Rf4 f5 26. Rxh4 Rad8 27. Kf2 Rxd4 28. Ke2 Rfd8 29. Ra2 R8d5 30. Rc2 a5 31. bxa5 Rxa5 32. Rb2 Rxa3 33. Rxb7 Ra2 34. Ke3 Raxd2 35. Rh5 R4d3+ 36. Kf4 Rxg2 37. Rb8+ Kf7 38. Rxf5+ Kg6 39. Rc5 Kh7 40. Kxe4 1/2-1/2

[Event "Bogota Navidad op"]
[Site "Bogota"]
[Date "2019.12.06"]
[Round "3"]
[White "Ramirez, Francisco Javier"]
[Black "Sanchez, Sebastian Felipe"]
[Result "1/2-1/2"]
[WhiteElo "1927"]
[BlackElo "2419"]
[PlyCount "65"]
[EventDate "2019.12.05"]
[EventType "swiss"]
[EventRounds "7"]
[EventCountry "COL"]
[SourceTitle "CBM 193 Extra"]
[Source "ChessBase"]
[SourceDate "2020.01.31"]
[SourceVersion "1"]
[SourceVersionDate "2020.01.31"]
[SourceQuality "1"]

1. c4 c5 2. g3 g6 3. Bg2 Nf6 4. Nf3 Bg7 5. Nc3 Nc6 6. e3 0-0 7. 0-0 d5 8. cxd5 Nxd5 9. d4 cxd4 10. Nxd4 Nxd4 11. exd4 Nxc3 12. bxc3 Qc7 13. Qb3 Be6 14. Qa3 Rac8 15. Bd2 Rfd8 16. Rac1 Bc4 17. Rfe1 e5 18. Bg5 Rd7 19. dxe5 Bxe5 20. Qxa7 Be6 21. c4 Bd4 22. Qa3 Bxc4 23. Bf1 b5 24. Qf3 Qa7 25. Bxc4 bxc4 26. Qe2 c3 27. Bh6 Rdd8 28. Qc2 Rb8 29. Be3 Bxe3 30. Rxe3 Rb2 31. Qxc3 Rxa2 32. Rce1 Qb8 33. Qf6 1/2-1/2

[Event "COL-ch U2000"]
[Site "Pereira"]
[Date "2019.03.22"]
[Round "3"]
[White "Toro Henao, Juan Sebastian"]
[Black "Ramirez, Francisco Javier"]
[Result "0-1"]
[WhiteElo "1994"]
[BlackElo "1907"]
[PlyCount "118"]
[EventDate "2019.03.21"]
[EventType "swiss"]
[EventRounds "9"]
[EventCountry "COL"]
[SourceTitle "CBM 189 Extra"]
[Source "ChessBase"]
[SourceDate "2019.06.03"]
[SourceVersion "1"]
[SourceVersionDate "2019.06.03"]
[SourceQuality "1"]

1. d4 d5 2. c4 e6 3. Nc3 Nf6 4. Bg5 Be7 5. e3 0-0 6. Nf3 Nbd7 7. Rc1 c6 8. Bd3 Re8 9. 0-0 Qa5 10. Qc2 h6 11. Bh4 dxc4 12. Bxc4 g5 13. Bg3 Nh5 14. Be5 Nxe5 15. Nxe5 Bf6 16. Qe4 Bg7 17. f4 gxf4 18. Qf3 Bxe5 19. Qxh5 Bc7 20. Qxh6 Qf5 21. Rf3 Qh7 22. Qxh7+ Kxh7 23. exf4 Bb6 24. Ne2 Rd8 25. Rd1 c5 26. d5 exd5 27. Bd3+ Kh8 28. Kf1 c4 29. Bb1 d4 30. h3 Bc5 31. f5 d3 32. Nc3 Bd7 33. Rf4 b5 34. b3 Rac8 35. bxc4 bxc4 36. Rxc4 Bxf5 37. Na4 Be7 38. Rxc8 Rxc8 39. Bxd3 Be6 40. Rd2 Rc1+ 41. Ke2 Ra1 42. Nb2 Rxa2 43. Nc4 Ra1 44. Ne3 a5 45. Bc4 a4 46. Bxe6 fxe6 47. Nc4 a3 48. Kd3 a2 49. Na5 Bb4 50. Nb3 Bxd2 51. Nxa1 Bg5 52. Nb3 Bf6 53. g4 a1Q 54. Nxa1 Bxa1 55. Ke4 Kg7 56. h4 Kg6 57. Kf4 Bb2 58. Ke4 Bf6 59. g5 Bb2 0-1